Zážitok hosťa v pohostinskom zariadení

Prezentácia výsledkov výskumu zameraného na skúmanie zdrojov zážitku v pohostinskom zariadení. Cieľom výskumu bolo identifikovať prvky ponuky vo vybraných pohostinských zariadeniach, ktoré v zákazníkovi vyvolávajú pocit zážitku a spokojnosti. Ponuka reštaurácií a hodnotenie ponuky služieb.

Salvato in:
Dettagli Bibliografici
Autore principale: Mištunová, Soňa
Natura: Capitolo di libro
Lingua:slovacco
Soggetti:
Tags: Aggiungi Tag
Nessun Tag, puoi essere il primo ad aggiungerne!!

MARC

LEADER 00000naa a2200000 4500
001 r043085
005 20230724110515.7
041 0 |a slo 
044 |a SK 
245 1 0 |a Zážitok hosťa v pohostinskom zariadení  |c Soňa Mištunová 
520 |a Prezentácia výsledkov výskumu zameraného na skúmanie zdrojov zážitku v pohostinskom zariadení. Cieľom výskumu bolo identifikovať prvky ponuky vo vybraných pohostinských zariadeniach, ktoré v zákazníkovi vyvolávajú pocit zážitku a spokojnosti. Ponuka reštaurácií a hodnotenie ponuky služieb. 
610 2 0 |a pohostinstvo 
610 2 0 |a reštaurácie 
610 2 0 |a zákazníci 
610 2 0 |a spokojnosť zákazníkov 
610 2 0 |a služby 
610 2 0 |a ponuka 
610 2 0 |a kvalita 
610 2 0 |a dotazníky 
610 2 0 |a výskum psychologický 
610 2 0 |a spokojnosť zákazníkov 
100 1 |a Mištunová, Soňa